000 01696 a2200229 4500
001 48362
005 20260407155748.0
008 260407a1985 arg spa d
003 AR-UNSa-BCEJYS
040 _aAR-UNSa-BCEJYS
_bspa
_cAR-UNSa-BCEJYS
080 _a330.101
_xCiencia económica en general. La economía y sus problemas. Objeto y métodos de la economía política
245 1 0 _aManual de Economía Política
020 _a978-950-572-033-0
264 1 _aBuenos Aires :
_bVíctor P. de Zavalía
_c1985
300 _a460 p.
_c23 cm.
505 _aPARTE I: La ciencia económica: 1. El mundo de los fenómenos económicos - 2. La ciencia económica - 3. Fines y medios. Economía política y política económica - 4. La metodología de la ciencia económica - PARTE II: La actividad económica: 5. Las bases naturales, psicológicas y técnicas de la actividad económica - 6. Los factores de la producción y la productividad - 7. La organización económica de la sociedad - PARTE III: 8. El mundo de los empresarios - 9. Elementos básicos de la teoría de los precios - 10. El equilibrio de la firma - 11. Formación del precio en los diferentes mercados - 12. El estado y los precios - 13. La formación del precio de los servicios productivos - PARTE IV: La macroeconomía: 14. La renta nacional - 15. Algunas variables macroeconómicas - 16. El nivel de la actividad económica - 17. Los sectores de la economía y el nivel de actividad.
942 _cBK
590 _aniveau_biblio:m niveau_hierar:0
100 1 _aCornejo, Benjamín
700 1 _aIturrioz, Eulogio
856 4 1 _uhttps://www.biblioeco.unsa.edu.ar/pmb/images/libros/L45459.jpg
_yImagen de portada
_qimage/jpeg
999 _c4572
_d4572